[Event "36th Olympiad"]
[Site "Calvia ESP"]
[Date "2004.10.19"]
[Round "4"]
[White "Morozevich, Alexander"]
[Black "Ivanchuk, Vassily"]
[Result "0-1"]
[WhiteElo "2758"]
[BlackElo "2705"]
[Annotator "Martin, A"]
[PlyCount "59"]
[EventDate "2004.10.15"]
[Source "EDAMI"]
[SourceDate "2006.12.20"]

{En la cuarta ronda disfrutamos de una extraordinaria partida, llena de
complicaciones, para la cual necesitaríamos horas y horas de duro análisis
antes de arribar a una conclusión definitiva.} 1. e4 c6 2. d4 d5 3. e5 {
La variante del avance es una de las más populares contra la Carlo-Kann, las
blancas ganan espacio y evitan las tempranas simplificaciones que dan a esta
defensa una fama de ultra sólida.} Bf5 4. f4 {Sin embargo, esta forma de jugar
cuenta con un respaldo casi nulo por parte de los grandes maestros. Las
opciones que disfrutan de mucha popularidad son} (4. Nf3) (4. Nc3) (4. h4) (4.
c4 {etc}) 4... e6 5. Nf3 c5 6. Be3 cxd4 {
Otras partidas habían continuado con las más agresivas 6...Qb6 y 6...Nc6} 7.
Nxd4 Ne7 {Esta puede ser técnicamente la novedad. En una partida en Francia
las negras habían retirado su alfil a g6.} 8. Bb5+ Nd7 9. O-O a6 10. Be2 {
Hasta aquí la partida ha seguido un camino que es fácil de entender para todos
los lectores. A partir de aquí las cosas se complican.} g5 $5 {Diagrama #Pese
a su aspecto extravagante, este avance está inspirado en un sólido concepto
posicional, pues busca socavar el centro blanco.} 11. g4 {Esta jugada da lugar
a enormes complicaciones, algo que no es de extrañar conduciendo Morozevich
las piezas blancas.} (11. fxg5 {Era la gran alternativa aquí, cediendo el peón
e5 pero obteniendo ataque a través de la columna f y las casillas negras
centrales.}) 11... gxf4 12. gxf5 $6 (12. Bxf4 {era mucho más sólida, aunque se
comprende que no entraba en los planes de las blancas cuando avanzaron su peón
a g4.}) 12... Nxf5 $3 {La partida vuelve a dar otro giro inesperado tras este
sacrificio espectacular. Se esperaba} (12... fxe3 13. fxe6 fxe6 {Llegando a
posición extremadamente compleja, en la que una posible continuación sería} 14.
Bh5+ (14. Nxe6 $2 Qb6 $1) 14... Ng6 15. Qg4 Ndxe5 16. Qxe6+ Qe7 {
y las negras se defienden.}) 13. Nxf5 ({Era también lógica} 13. Bf2 {para trata
r de conservar el valioso alfil de casillas negras. Una posible continuación
sería entonces} Rg8+ (13... Ne3 14. Bxe3 fxe3 {se parece un poco a la partida
pero el caballo en d4 (en lugar de en f5) posibilita el interesante sacrificio}
15. Nxe6 Rg8+ 16. Kh1 fxe6 17. Bh5+ Rg6 18. Bxg6+ hxg6 19. Qg4 Qb6 20. Qxg6+
Kd8 21. Nc3 {y las blancas quedan bien.}) 14. Kh1 Ng3+ 15. Bxg3 (15. hxg3 fxg3
16. Bxg3 Rxg3 {es excelente para las negras}) 15... fxg3 16. Rg1 Nxe5 17. Rxg3
Rxg3 18. hxg3 Qg5 {
y las negras tienen dos peones y muy buen juego por la pieza.}) 13... fxe3 14.
Nc3 {Las blancas terminan su desarrollo e insisten en buscar ataque, sin
molestarse en retirar su caballo amenazado.} (14. Nd6+ Bxd6 15. exd6 Qh4) (14.
Nd4 $2 {
Llevaría a una línea que ya analizamos con un tiempo de menos para las blancas.
}) 14... Rg8+ 15. Kh1 Qg5 16. Bf3 (16. Ng3 {
era un tanto mejor, después de todo en f5 el caballo pinta ya muy poco.}) 16...
Nxe5 17. Qe2 Qxf5 18. Bxd5 Qh3 19. Bxb7 Ra7 20. Bf3 Bh6 $1 {Las negras apoyan
a su fuerte peón en e3 que ejerce una tremenda presión sobre la posición
blanca. Otras jugadas eran posibles, como} (20... Rd7 21. Qxe3 Nxf3 22. Qxf3
Qxf3+ 23. Rxf3 {y este final no pinta bien para las blancas.}) 21. Ne4 Ke7 {
Las negras parecen tenerlo todo bajo control} 22. Qe1 $1 {cuando las blancan
se olvidan de su alfil para buscar la importante diagonal a3-f8, por la cual
pueden causar mucho daño al rey negro. A partir de aquí la partida adquiere un
caracter dramático, con ambos jugadores tratando de cazar al rey enemigo.} (22.
Nf6 Rg6) 22... f5 $6 {Esta jugada permite a las blancas alcanzar tablas
forzadas. ?No se sentía mejor Ivanchuk o simplemente no calculo bien?} ({
Sería ingenuo capturar el alfil} 22... Nxf3 23. Qb4+ Kd7 24. Rad1+ {
y las blancas van a lograr cuando menos un cómodo perpetuo.}) ({
Una jugada crítica era} 22... Rb7 $5 23. Qc3 $1 (23. Qe2 Rc7 $17) (23. Ng5 $2
Nxf3 24. Rxf3 Qg4 $17) (23. Ng3 Bf4 $1 $17) 23... Bf4 (23... Rg1+ 24. Kxg1 (24.
Rxg1 $2 Qxf3+ 25. Rg2 Qxe4) 24... Nxf3+ 25. Rxf3 Qxf3 26. Qc5+ $11) (23... Nxf3
24. Qc5+ $11) 24. Qc5+ Kd8 25. Rad1+ Nd7 26. Qa5+ Kc8 27. Qh5 Qxh5 28. Bxh5 f5
29. Rxf4 fxe4 {pero esto debe ser tablas}) 23. Qb4+ Kf7 24. Qd4 $2 {En este mom
ento, ambos jugadores estaban ya muy apurados de tiempo, quedándoles apenas un
par de minutos (además del incremento de 30 segundos añadido en cada jugada).
Posiblemente ello sea el motivo de este error, ya que no puedo creer que las
blancas estuvieran todavía jugando a ganar, porque disponían de un empate
forzado por medio de} (24. Nd6+ Kf6 (24... Kg6 $2 25. Bg2 $16) 25. Ne4+ $3 Kf7
(25... Kg6 $2 26. Rg1+ Kf7 27. Bg2 $16) 26. Nd6+) 24... Nxf3 25. Qf6+ Ke8 26.
Qxe6+ Kf8 27. Qf6+ $2 {El último error, que resulta decisivo. Morozevich
apenas disponía de algunos segundos más de los treinta que su jugada anterior
le había añadido a su reloj.} ({Todavía podía evitar la derrota con} 27. Qc8+
$1 Kg7 (27... Kf7 28. Qc4+ Kg7 29. Qc3+ {transpone}) (27... Ke7 28. Qc5+) 28.
Qc3+ $1 (28. Rg1+ Bg5 $3 29. Rxg5+ Kh6 $1 30. Qe6+ Rg6 {y las negras ganan})
28... Kg6 29. Qc6+ (29. Rg1+ $2 Kh5 30. Nf6+ Kh4 31. Qc4+ f4 $17) 29... Kh5 30.
Nf6+ Kh4 31. Qxf3 Qxf3+ 32. Rxf3 {
y sin damas comienza el final en el cual las blancas parecen sostenerse.})
27... Rf7 {Tampoco Ivanchuk tenía demasiado tiempo, sólo un par de minutos,
pero a partir de aquí ya no hay vuelta atrás, las negras escapan con su rey y
ganan la partida.} 28. Qd6+ (28. Qd8+ Kg7 29. Rg1+ Bg5 $1 30. Rxg5+ Nxg5) 28...
Kg7 29. Rg1+ Kh8 30. Nf6 ({Morozevich realizó esta jugada, pero a continuación
se rindió sin esperar la respuesta de su rival.} 30. Nf6 {Después de} Nxg1 {
la amenaza 31...Qf3+ es mortal.}) 0-1

[Event "36th Olympiad"]
[Site "Calvia ESP"]
[Date "2004.10.20"]
[Round "6"]
[White "Shirov, Alexei"]
[Black "Fressinet, Laurent"]
[Result "1-0"]
[WhiteElo "2726"]
[BlackElo "2640"]
[Annotator "Shirov, A"]
[PlyCount "55"]
[EventDate "2004.10.15"]
[Source "EDAMI"]
[SourceDate "2006.12.20"]

1. d4 {Lamentablemente, tras hacer esta jugada, todavía tengo que dar
explicaciones del motivo, ya que he estado jugando 1.e4 casi exclusivamente.
Esperemos que esto cambie algún día.} d5 2. c4 c6 3. Nc3 Nf6 4. Nf3 e6 {
Estaba dentro de lo esperado que Laurent jugase la Semieslava y por ello elegí
1.d4, pero por supuesto, había otras cosas que también tuve que preparar.} 5.
e3 ({Siempre me había parecido que} 5. Bg5 {era lo más agudo, hasta que un día,
en 1991, Shabalov encontró 7.g4 en una línea 'muy aburrida'. Con todo, suelo
elegir con más frecuencia entrar en las variantes Botvinnik y Moscú, ya que la
idea de mi entonces compatriota, me parecía  insuficiente para luchar por la
ventaja. Pero en esta ocasión cambié mi preferencia.}) 5... Nbd7 6. Qc2 Bd6 ({
La sólida} 6... b6 {sólo empezó a conocerse cuando 7.g4 se hizo realmente
popular. Es una razonable alternativa cuando tienes miedo de las variantes
largas y agudas.}) 7. g4 $1 {!Ya estamos nuevamente! Recuerdo que unos cuatro
años atrás, esto lo empleó contra mí un joven jugador en una partida rápida.
Mi oponente ni siquiera sabía quien introdujo este sacrificio en la práctica.
Así que, por si acaso, lo recuerdo: Shirov-Thorhalsson (Reykjavik 1992) fue la
partida donde 7.g4 fue jugada por primera vez.} dxc4 8. Bxc4 e5 $5 {Fressinet s
igue la línea que yo mismo adopté con negras contra Gelfand y Radjabov
anteriormente este año. Para ser honesto, estamos hablando ya de
acontecimientos recientes, no de los años noventa, cuando} (8... b5 {
era lo que se jugaba aquí exclusivamente.}) 9. Bd2 $5 ({
Tanto Gelfand como Radjabov continuaron con} 9. g5 Nd5 10. Bd2 {
pero pude alcanzar posiciones razonables tras} exd4 {. La jugada del texto fue
empleada por  Chabanon (por cierto, un gran conocedor de la línea 7.g4 como
pude comprobar al compartir mis impresiones con él durante la Liga francesa)
contra Boudre en algún sitio de Francia en 2003 y quien me llamó la atención
sobre ella fue mi mujer quien, como puede adivinarse, también ha estudiado los
misterios del gambito 'Shabalov-Shirov'.}) 9... exd4 10. Nxd4 Ne5 $5 $146 {
Formalmente es una novedad. Boudre jugó} (10... Nb6 11. Be2 O-O {
pero en mi opinión, no consiguió igualar tras} 12. Nf5 $14 {. A pesar de todo,
el hecho de que un defensor tan fuerte como Dreev eligiera 10...Nb6 contra
Harikrishna, también en Calvia (unas 2 o 3 rondas después de la partida
presente) indica que puedo estar equivocado.}) 11. Be2 $1 {Esto ya es nuestro
'análisis de familia' pero de hecho, es también la única jugada.} Bxg4 {
Posiblemente no la mejor captura, debido a que ahora las blancas logran una
fuerte  iniciativa. Dominguezjugó} (11... Nfxg4 $5 {contra Gelfand en la
última ronda y la partida fue tablas después de una lucha muy interesante.} {(}
12. Ne4 Be7 13. O-O-O O-O 14. Bc3 Qc7 15. Rdg1 f5 $13 {etc...) pero tengo la
impresión de que las blancas pudieron mejorar en algún momento.}) 12. f4 $1 Ng6
{La retirada lógica.} (12... Bxe2 $2 {fallaría por} 13. fxe5 $18) ({mientras} 
12... Ned7 13. Bxg4 Nxg4 14. Nf5 $44 {
también parece prometedor para las blancas.}) 13. Bxg4 Nxg4 14. Nf5 {
# (diagram)} Nh4 $2 {
El error decisivo. Las negras estaban absolutamente obligadas a continuar con}
(14... O-O {y debo admitir que se me escapó que tras} 15. Ne4 $5 (15. Rg1 $5
Nf6 (15... Nxh2 $6 16. Rg3 $1 $40) 16. O-O-O $44 {
es también interesante, claro está.}) {las negras tendrían} 15... Bxf4 $1 ({
yo sólo contaba con} 15... Be7 16. O-O-O {
y las blancas conservan una fuerte iniciativa, por ejemplo} Qc8 17. Nxe7+ Nxe7
18. h3 Nh6 19. Bb4 Nhf5 20. Ng5 $40) {Así que después de} 16. exf4 Qd5 {
# (diagram)} {hubiera tenido que encontrar} 17. Nfg3 $1 (17. h3 $2 Qxf5 18.
hxg4 Qxg4 $17 {parece realmente malo para las blancas}) 17... f5 18. h3 $1 {
manteniendo una ligera ventaja en las complicaciones, por ejemplo} Nh6 $1 (
18... fxe4 19. hxg4 e3 (19... Nxf4 20. O-O-O $1 $16) 20. Bxe3 Rae8 21. Kf2 Rxe3
22. Kxe3 Rxf4 23. Ne4 $16) 19. Ng5 $1 Rae8+ 20. Kf2 Qd4+ 21. Kf1 $5 (21. Kg2
Nh4+ 22. Kf1 Nf7 23. Nxf7 Rxf7 24. Rh2 $14) 21... Nxf4 22. Nf3 Qd3+ (22... Qd6
23. Bxf4 Qxf4 24. Kg2 $14) (22... Qd5 $6 23. Qb3 $16) 23. Qxd3 Nxd3 24. Bxh6
gxh6 (24... f4 25. Bxg7 (25. Rg1 $6 fxg3 26. Rxg3 Rf7 $13) 25... Kxg7 26. Ne2
$14) 25. Rg1 $1 Kh8 26. Rd1 $1 Re3 27. Nh4 Nxb2 28. Rd7 Nd3 29. Nhxf5 Nc5 30.
Rc7 Ne6 31. Re7 $14 {. Por lo tanto, puedo concluir que tras mi jugada 14,
quedaba un poco mejor incluso en el caso de la defensa correcta.}) 15. Nxg7+
Kf8 16. O-O-O $1 $18 {Ahora la partida está decidida, puesto que las negras
caen bajo un ataque terrible. Pero casi lo estropeo al final.} Nf2 (16... Kxg7
17. Ne4 $18) 17. Ne4 $1 Nxd1 ({Más tenaz hubiera sido} 17... Nxe4 18. Qxe4 Qe7
(18... Kxg7 19. Bc3+ f6 20. Qe6 Re8 21. Rhg1+ Ng6 22. Qxd6 $18) {
pero de todas formas tras} 19. Qd3 Rd8 20. Rhg1 $1 (20. Bc3 $5 Bc7 21. Qc2 $16
{es menos precisa}) 20... h5 21. Be1 Bc7 22. Bxh4 Qxh4 23. Qc3 $18 {
las blancas ganan.}) 18. Rxd1 Be7 {# (diagram)} 19. f5 $1 {
La jugada clave, tras la cual la partida debía estar realmente decidida.} Qb6
20. f6 $2 ({Sólo mi terrible estado de forma general en Calvia puede ser la
explicación del por qué no encontré} 20. Qc3 Rg8 21. f6 $18 {
ganando inmediatamente.}) 20... Bb4 21. Bxb4+ Qxb4 22. a3 {
Complicando las cosas. A una victoria forzada llevaría} (22. Nc5 $5 Ng6 (22...
Qg4 23. Qd3 $18) (22... h5 23. Nd7+ Kg8 24. Nf5 Rh7 25. Rg1+ Kh8 26. a3 $18)
23. Nd7+ Kg8 24. Nf5 h5 25. Ne7+ Kh7 26. Ne5 Rhd8 27. N7xg6 Rxd1+ 28. Qxd1 Kh6
29. Nh8 $1 $18) 22... Qa5 23. Nc5 h6 $2 {
Esto pierde de inmediato, mientras que tras} (23... Ng6 {
todavía hubiera tenido que calcular hasta} 24. Nf5 h5 25. Nd7+ Kg8 26. Ne7+ Kh7
27. Qc4 Rhf8 28. Nxg6 fxg6 29. Nxf8+ Rxf8 30. Rd7+ Kh6 31. Qf4+ g5 32. Qe4 Qe1+
33. Kc2 Rh8 34. Qe7 $18 {ganando. Lo mismo hubiera sido}) (23... h5 24. Nf5)
24. Nf5 Ng6 (24... Rd8 {sólo servía para comprobar si tras} 25. Nd7+ Rxd7 26.
Rxd7 Rg8 {yo hubiera encontrado} 27. Kb1 $18 {con idea de} Nxf5 $140 28. Qc5+
$1 Qxc5 29. Rd8#) 25. Nd7+ Kg8 26. Ne7+ Kh7 27. Nxg6 fxg6 28. Ne5 $1 {
El mate es inevitable, por lo que las negras abandonaron.} 1-0

[Event "36th Olympiad"]
[Site "Calvia ESP"]
[Date "2004.10.23"]
[Round "8"]
[White "Volokitin, Andrei"]
[Black "Delchev, Aleksander"]
[Result "1-0"]
[WhiteElo "2652"]
[BlackElo "2601"]
[Annotator "Ubilava, E"]
[PlyCount "101"]
[EventDate "2004.10.15"]
[Source "EDAMI"]
[SourceDate "2006.12.20"]

{En esta partida Volokitin muestra el mismo concepto que en la anterior. La
apertura es interesante porque utiliza una idea fresca con el propósito de
crear una posición dinámica, donde se mueve en línea recta hasta el final.
Parece que las blancas no necesitan ningún esfuerzo para ganar la partida,
porque todas las jugadas que ejecutan tienen lógica y se deducen de la
anterior.} 1. e4 c5 2. Nf3 e6 3. d4 cxd4 4. Nxd4 Nc6 5. Nc3 Qc7 6. Be2 a6 7.
O-O Nf6 8. Kh1 h5 {Una jugada típica de la Variante Taimanov, que tiene como
meta preparar el salto del caballo en g4 o en algunos casos avanzar el peón
hasta h3.} 9. Nxc6 bxc6 10. f4 d5 11. exd5 {Como hemos dicho, a Andrey le
gusta eliminar las cadenas de peones y abrir la posición, obteniendo espacio
para sus piezas. En este caso, esa idea es más que justificada, porque las
blancas empiezan en seguida a acosar la posición del rival.} ({
Antes de la presente partida, en la práctica sólo se había jugado} 11. e5 {
y después de} Ng4 12. Bxg4 hxg4 13. Qxg4 Bb7 14. Bd2 O-O-O 15. Rae1 g6 16. Rf3
Be7 17. Rh3 {Andrijevich-Boshkovich. Belgrado op 2003, las blancas fueron
capaces de mantener su pequeña ventaja material hasta el final}) 11... cxd5 {
diagrama} 12. f5 $1 Bb7 ({Otra opción es} 12... Bd6 13. fxe6 {la variante} fxe6
({y si} 13... Bxe6 {
las blancas pueden intentar sacrificar la calidad aunque no es necesario:} 14.
Rxf6 $5 ({lo más sencillo es} 14. Bg5 Ne4 15. Nxe4 dxe4 16. Qd4 f5 17. Rxf5 $1
Bxf5 18. Qd5 {con gran ventaja}) 14... gxf6 15. Nxd5 Bxd5 (15... Qd8 16. Nxf6+
Qxf6 17. Qxd6) 16. Qxd5) 14. Qd3 O-O 15. Bg5 {también favorece a las blancas.})
13. fxe6 fxe6 14. Bd3 ({Parece prematuro} 14. Bg5 {por} h4 15. Bxf6 gxf6 16.
Rxf6 Qe5) 14... O-O-O 15. Qe2 {Con sus últimos movimientos ambos jugadores
luchan por mantener el control de la casilla e4, porque es la base del
contrajuego de las negras.} Qc6 16. Bg5 h4 ({No funciona} 16... d4 {por} 17.
Bxf6 (17. Rxf6 {es un error por} gxf6 18. Bxf6 dxc3 19. Bxh8 Bc5 {y las blancas
no pueden aguantar la presión sobre la casilla g2 por la amenaza ...Rg8}) 17...
gxf6 18. Be4 Qd7 19. Rad1 f5 20. Qc4+ Kb8 21. Bxb7 Kxb7 22. Ne2 e5 23. Qd3 f4
24. c3 {y cae el muro de peones centrales.}) 17. Rae1 h3 ({Si ahora} 17... d4 {
entonces gana} 18. Rxf6 $1 gxf6 19. Be4 Qc7 20. Bxb7+ Kxb7 21. Bxf6) 18. Qxe6+
{El control sobre la casilla e4, permite a las blancas ganar este peón.} Qxe6
19. Rxe6 d4 20. Ne4 hxg2+ 21. Kxg2 Bd6 22. Bxf6 {Andrei, con mucha razón,
sigue el camino rectilíneo, sin desviar su atención a otras opciones como} (22.
h4 Rhe8 23. Rxe8 Rxe8 24. Bxf6 Rxe4 $1 (24... gxf6 25. Rxf6 Bxe4+ 26. Bxe4 Rxe4
27. Rxd6 Re2+ 28. Kg3 Rxc2 29. h5 {con ventaja decisiva}) 25. Bxe4 Bxe4+ 26.
Kh3 gxf6 27. Rxf6 Kd7 28. Rf2 Ke6 {con posibilidades de empatar la partida})
22... gxf6 23. Rfxf6 Rxh2+ 24. Kg1 Bc7 25. Nd6+ Bxd6 26. Rxd6 Rh1+ 27. Kf2 Rxd6
28. Rxd6 Ra1 29. a3 Ra2 {Parece que el gran maestro búlgaro tiene
posibilidades de conseguir las tablas, pero el joven ucraniano demuestra que
lo tiene todo muy bien controlado.} 30. Rxd4 Rxb2 {diagrama} 31. Rc4+ $1 Kb8
32. Rb4 $1 {Las blancas obligan a cambiar las torres y el final resultante
está fácilmente ganado, gracias a la posición del peón negro en a6.} Rxb4 33.
axb4 Kc7 34. Ke3 Kb6 35. c4 Bc6 (35... a5 {no vale por} 36. c5+) 36. Kd4 Ba4 ({
Si las negras colocan su alfil en b7} 36... Bb7 {después de} 37. c5+ {
el rey blanco llegará hasta a5 y cuando las negras coloquen su rey en a7 para
defender su peón a7, con cualquier jugada del alfil blanco en la digonal a6-f1
aparece una posición de zugzwang, donde las negras sólo pueden responder ...
Bc8, tras lo cual c5-c6 fuerza la ganancia del peón en a6.} Kc7) 37. c5+ {
La tarea técnica es bastante fácil y comprensible, así que sobran loscomentario
s.} Kb7 38. Ke5 Bd7 39. Kd6 Bh3 40. Bc4 Ka7 41. Be6 Bg2 42. Kc7 Bf1 43. Bd7 Bg2
44. c6 Bf3 45. Be6 Bg2 46. Kd7 a5 47. c7 Bb7 48. Bd5 Ba6 49. bxa5 Bb5+ 50. Kd8
Ba6 51. Bc6 1-0